| 000 | 00453 a2200145 4500 | ||
|---|---|---|---|
| 999 |
_c9546 _d9546 |
||
| 020 | _a9781846615870 | ||
| 050 | _aKD7325CIV2012 | ||
| 245 |
_aCivil Court Service 2012 Reissue / _cedited by Obe Richard Steve and Obe Bill VincentBristol |
||
| 264 |
_aBristol: _bJordan Publishing Limited, _c2012 |
||
| 300 | _a3351p. : | ||
| 500 | _aincludes index | ||
| 650 | _acivil court service | ||
| 700 |
_aObe Vincent Bill _eeditor |
||
| 942 |
_2lcc _cBK _h7325 _iCIV _kKD |
||